Từ điển Việt - Anh

Uloženo v:
Podrobná bibliografie
Hlavní autor: Bùi, Phụng
Médium: Kniha
Jazyk:Undetermined
Vydáno: Hà Nội Thế giới 2003
Témata:
Tagy: Přidat tag
Žádné tagy, Buďte první, kdo otaguje tento záznam!
Thư viện lưu trữ: Trung tâm Học liệu Trường Đại học Cần Thơ
LEADER 00568nam a2200181Ia 4500
001 CTU_64376
008 210402s9999 xx 000 0 und d
020 |b 320000 
082 |a 495.922321 
082 |b Ph513 
100 |a Bùi, Phụng 
245 0 |a Từ điển Việt - Anh 
260 |a Hà Nội 
260 |b Thế giới 
260 |c 2003 
650 |a Vietnamese dictionary,English dictionary 
904 |i Nguyênsửa (Tuyến sửa số pl 495.9223321 thành 495.922321) 
980 |a Trung tâm Học liệu Trường Đại học Cần Thơ